| 000 | 00651cam a2200229 a 4500 | ||
|---|---|---|---|
| 001 | 000009093 | ||
| 005 | 20200929161503.0 | ||
| 008 | 990524s1999 mx 000 f spa d | ||
| 020 | _a9681906195 | ||
| 035 | _a(DLC) 99209172 | ||
| 040 |
_aDO-SdBNP _cDLC _dBNPHU |
||
| 082 |
_aPe863.44 _bB916g |
||
| 100 | 1 |
_aBryce Echenique, Alfredo, _d1939- _915067 |
|
| 245 | 1 | 0 |
_aGuía triste de París / _cAlfredo Bryce Echenique. |
| 260 |
_aMéxico : _bAlfaguara, _c1999. |
||
| 300 |
_a211 p. ; _c22 cm. |
||
| 650 | 4 |
_aCuentos peruanos _922009 |
|
| 650 | 4 |
_aLiteratura peruana _93140 |
|
| 910 | _aCatalogación por copia / LC | ||
| 910 | _aWM | ||
| 049 | _aBNGR | ||
| 999 |
_c8857 _d8857 |
||